00505nam a2200145Ia 4500008004100000041000800041082001600049100002000065245004500085260004200130300003100172365000900203999001700212952013000229240624s9999 xx 000 0 und d aeng a330.954 NOB aNOBREGA WILLIAM aRIDING THE INDIAN TIGER UNDERSTANDING IN c2008aNew JerseybJohn Wiley and Sons axvi, : 253 : p. : cm. ; 24 cb30 c12796d12796 00104070aIMTNbIMTNcRack 8-Ad2009-03-02eBWEg29.95n8024o330.954 NOBp12796r2024-06-24 00:00:00t51.5w2024-06-24yBK